Indonesian politics under Suharto : order, development and pressure for change.
| Main Author: | |
|---|---|
| Format: | Book |
| Published: |
London:
Routledge,
1993.
|
| Subjects: |
| LEADER | 00525cam a2200169 7i4500 | ||
|---|---|---|---|
| 001 | 0000004164 | ||
| 005 | 19991025090000.0 | ||
| 002 | ##000005615 | ||
| 020 | 0 | 0 | |a 0-415-10707-5 |
| 090 | 0 | 0 | |a INDO 320.9 |b VAT |
| 100 | 0 | 0 | |a Vatikiotis, Michael R.J |
| 245 | 0 | 0 | |a Indonesian politics under Suharto : |b order, development and pressure for change. |
| 260 | 0 | 0 | |a London: |b Routledge, |c 1993. |
| 300 | 0 | 0 | |a 234 p.. |
| 650 | 0 | 0 | |a Political science -- |z Indonesia |
| 651 | 0 | 0 | |a Indonesia |
| 999 | |a 0000006476 |b Book |c Open shelf |e Business Information Centre | ||


